Η ανακάλυψη της βραδύτητας : μυθιστόρημα
Αποθηκεύτηκε σε:
| Κύριος συγγραφέας: | |
|---|---|
| Μορφή: | Βιβλίο |
| Γλώσσα: | Greek German |
| Δημοσίευση: |
Αθήνα :
Καστανιώτη,
1991.
|
| Θέματα: | |
| Ετικέτες: |
Προσθήκη ετικέτας
Δεν υπάρχουν, Καταχωρήστε ετικέτα πρώτοι!
|
MARC
| LEADER | 00000cam a2200000 a 4500 | ||
|---|---|---|---|
| 001 | 1/123641 | ||
| 008 | 211006s1991####gr | ||| |||| ||gre|| | ||
| 020 | |a 9600306613 | ||
| 040 | |a GR-MyUa |b gre |c GR-MyUa |e AACR2 | ||
| 041 | 1 | |a gre |h ger | |
| 082 | 7 | |a 833 |2 (23) | |
| 100 | 1 | |a Nadolny, Sten. | |
| 245 | 1 | 2 | |a Η ανακάλυψη της βραδύτητας : |b μυθιστόρημα / |c Στεν Ναντόλνυ ; μετάφραση: Μαρία Αγγελίδου. |
| 260 | |a Αθήνα : |b Καστανιώτη, |c 1991. | ||
| 300 | |a 416 σ. ; |c 21 εκ. | ||
| 650 | 0 | |a German fiction. | |
| 970 | |a Κοντού |b Παρασκευή |z 06/10/2021 | ||